Aquaculture engineering / (Record no. 30)

MARC details
000 -LEADER
fixed length control field 00535nam a22001817a 4500
005 - DATE AND TIME OF LATEST TRANSACTION
control field 20221014063517.0
008 - FIXED-LENGTH DATA ELEMENTS--GENERAL INFORMATION
fixed length control field 221014b |||||||| |||| 00| 0 eng d
020 ## - INTERNATIONAL STANDARD BOOK NUMBER
International Standard Book Number 978-1-119-48901-6
082 ## - DEWEY DECIMAL CLASSIFICATION NUMBER
Classification number 639.8 L536 2020
100 ## - MAIN ENTRY--PERSONAL NAME
Personal name Lekang, Odd-Ivar
Relator term author
245 ## - TITLE STATEMENT
Title Aquaculture engineering /
Statement of responsibility, etc. Odd-Ivar Lekang
250 ## - EDITION STATEMENT
Edition statement 3rd ed.
260 ## - PUBLICATION, DISTRIBUTION, ETC.
Place of publication, distribution, etc. West Sussex, Uk:
Name of publisher, distributor, etc. John Wiley,
Date of publication, distribution, etc. c2020.
300 ## - PHYSICAL DESCRIPTION
Extent xvii, 525p.:
Other physical details ill.
500 ## - GENERAL NOTE
General note Includes bibliographical references and index
541 ## - IMMEDIATE SOURCE OF ACQUISITION NOTE
Accession number 6973
650 ## - SUBJECT ADDED ENTRY--TOPICAL TERM
Topical term or geographic name entry element Aquacultural engineering
Holdings
Withdrawn status Lost status Source of classification or shelving scheme Damaged status Not for loan Home library Current library Date acquired Total Checkouts Full call number Barcode Date last seen Copy number Price effective from Koha item type
    Dewey Decimal Classification     ctu-moalboal ctu-moalboal 03/03/2021   639.8 L536 2020 6973 10/14/2022 1 10/14/2022 Books-Reference